LIBRARY & INFORMATION CENTRE, KCAET, TAVANUR

ONLINE PUBLIC ACCESS CATALOGUE (OPAC)

Soil Erosion and Conservation (Record no. 13866)

MARC details
000 -LEADER
fixed length control field 00298nam a22001337a 4500
020 ## - INTERNATIONAL STANDARD BOOK NUMBER
ISBN 9781405144674
082 ## - DEWEY DECIMAL CLASSIFICATION NUMBER
Classification number 631.45 MOR/SO
100 ## - MAIN ENTRY--AUTHOR NAME
Personal name Morgan R P C
245 ## - TITLE STATEMENT
Title Soil Erosion and Conservation
250 ## - EDITION STATEMENT
Edition statement Ed 3
260 ## - PUBLICATION, DISTRIBUTION, ETC. (IMPRINT)
Place of publication USA
Name of publisher Blackwell Publishing
Year of publication 2005
300 ## - PHYSICAL DESCRIPTION
Number of Pages 304
942 ## - ADDED ENTRY ELEMENTS (KOHA)
Koha item type Books
Holdings
Withdrawn status Lost status Damaged status Collection code Home library Current library Shelving location Date acquired Source of acquisition Cost, normal purchase price Full call number Accession Number Koha item type
      Reference KAUAET KAUAET Reference 31/03/2012 Universal Research Books, Thrissur 4668.41 631.45 MOR/SO 22621 Reference
free website counter